000 00310nam a22001337a 4500
008 171024b xxu||||| |||| 00| 0 eng d
020 _a9780155835450
041 _aeng
080 _a311
100 _a55
101 _aSTA
245 _aSTATISTICS FOR BUSSINESS AND ECONOMICS
_cINGRAM.J.A
942 _2udc
_cBK
999 _c35624
_d35624